Crime prevention
| Contributors: | ; |
|---|---|
| Format: | Print Book |
| Language: | English |
| Published: |
Stockholm, Sweden
National Swedish Council for Crime Prevention, Research and Development Division
1982
|
| In: |
Report / the National Council for Crime Prevention, Research and Development Section (9)
Year: 1982 |
| Availability in Tübingen: | Present in Tübingen. IFK: P I 305 UB: KB 13 A 804 |
| Check availability: | HBZ Gateway |
| Subito Delivery Service: | Order now. |
| Keywords: |
MARC
| LEADER | 00000cam a2200000 c 4500 | ||
|---|---|---|---|
| 001 | 1078992711 | ||
| 003 | DE-627 | ||
| 005 | 20251224215704.0 | ||
| 007 | tu | ||
| 008 | 850101s1982 sw ||||| 00| ||eng c | ||
| 020 | |a 9138067390 |9 91-38-06739-0 | ||
| 035 | |a (DE-627)1078992711 | ||
| 035 | |a (DE-576)008992711 | ||
| 035 | |a (DE-599)BSZ008992711 | ||
| 035 | |a (OCoLC)831358492 | ||
| 035 | |a (OCoLC)09646712 | ||
| 035 | |a (DE-604)8064868109 | ||
| 040 | |a DE-627 |b ger |c DE-627 |e rakwb | ||
| 041 | |a eng | ||
| 044 | |c XA-SE | ||
| 050 | 0 | |a HV7431 | |
| 082 | 0 | |a 364.4 | |
| 084 | |a PH 6205 |2 rvk |0 (DE-625)rvk/136413:406 | ||
| 245 | 0 | 0 | |a Crime prevention |c Eckart Kuehlhorn; Bo Svensson |
| 264 | 1 | |a Stockholm, Sweden |b National Swedish Council for Crime Prevention, Research and Development Division |c 1982 | |
| 300 | |a 317 S. | ||
| 336 | |a Text |b txt |2 rdacontent | ||
| 337 | |a ohne Hilfsmittel zu benutzen |b n |2 rdamedia | ||
| 338 | |a Band |b nc |2 rdacarrier | ||
| 490 | 1 | |a Report / National Council for Crime Prevention, Sweden |v 9 | |
| 500 | |a Includes bibliographies | ||
| 653 | 0 | |a Crime prevention | |
| 689 | 0 | 0 | |d s |0 (DE-588)4033178-7 |0 (DE-627)10458503X |0 (DE-576)209000511 |a Kriminalität |2 gnd |
| 689 | 0 | 1 | |d s |0 (DE-588)4076308-0 |0 (DE-627)104364106 |0 (DE-576)209201428 |a Prävention |2 gnd |
| 689 | 0 | 2 | |d s |0 (DE-588)4033197-0 |0 (DE-627)106258532 |0 (DE-576)209000562 |a Kriminologie |2 gnd |
| 689 | 0 | |5 (DE-627) | |
| 700 | 1 | |a Kuehlhorn, Eckart |e Hrsg. |4 edt | |
| 700 | 1 | |a Svensson, Bo |e Hrsg. |4 edt | |
| 810 | 2 | |a Schweden |b Brottsförebyggande Rådet |b Utredningsenheten |t Report / the National Council for Crime Prevention, Research and Development Section |v 9 |9 9 |w (DE-627)129443867 |w (DE-576)9129443865 |w (DE-600)195581-0 |x 0282-6585 |7 am | |
| 889 | |w (DE-627)11542203X | ||
| 935 | |i mdedup | ||
| 936 | r | v | |a PH 6205 |b Strafverfahrensrecht, Strafvollzug, Gesetzgebungsmaterialien und -entwürfe zum Strafverfahrensrecht und Strafvollzug |k Rechtswissenschaft |k Strafrecht, Strafverfahrensrecht, Kriminologie |k Vergleichendes und ausländisches Straf- und Strafprozessrecht einschliesslich Strafvollzug |k Ausländisches Recht - Einzelne Länder |k Nordeuropa |k Schweden |k Strafverfahrensrecht, Strafvollzug, Gesetzgebungsmaterialien und -entwürfe zum Strafverfahrensrecht und Strafvollzug |0 (DE-627)1272612317 |0 (DE-625)rvk/136413:406 |0 (DE-576)202612317 |
| 951 | |a BO | ||
| ELC | |b 1 | ||
| LOK | |0 000 xxxxxcx a22 zn 4500 | ||
| LOK | |0 001 2071247469 | ||
| LOK | |0 003 DE-627 | ||
| LOK | |0 004 1078992711 | ||
| LOK | |0 005 20020606000000 | ||
| LOK | |0 008 900406||||||||||||||||ger||||||| | ||
| LOK | |0 040 |a DE-21 |c DE-627 |d DE-21 | ||
| LOK | |0 852 |a DE-21 | ||
| LOK | |0 852 1 |c KB 13 A 804 |9 00 | ||
| LOK | |0 935 |a krim | ||
| LOK | |0 936ln |a k3.3.1 | ||
| LOK | |0 939 |a 06-04-90 |b l01 | ||
| LOK | |0 000 xxxxxcx a22 zn 4500 | ||
| LOK | |0 001 2071247477 | ||
| LOK | |0 003 DE-627 | ||
| LOK | |0 004 1078992711 | ||
| LOK | |0 005 20131122093155 | ||
| LOK | |0 008 930528||||||||||||||||ger||||||| | ||
| LOK | |0 040 |a DE-21-110 |c DE-627 |d DE-21-110 | ||
| LOK | |0 689 |a s |a Kriminalprävention | ||
| LOK | |0 852 |a DE-21-110 | ||
| LOK | |0 852 1 |c P I 305 |m p |9 00 | ||
| LOK | |0 935 |a k110 | ||
| LOK | |0 936ln |a 2.4 | ||
| LOK | |0 938 |k p | ||
| LOK | |0 939 |a 28-05-93 |b l01 | ||
| ORI | |a SA-MARC-krimdoka001.raw | ||
| SIG | |a IFK: P I 305 | ||
| SIG | |a UB: KB 13 A 804 | ||
